Avances en cultivos frutales no tradicionales: arándanos, cerezas, kiwis, frutillas, granadas
Guardado en:
| Autores principales: | , , |
|---|---|
| Formato: | Libro |
| Lenguaje: | español |
| Publicado: |
Buenos Aires
Facultad de Agronomía. Universidad de Buenos Aires
2008
|
| Edición: | 1a. ed |
| Materias: | |
| Etiquetas: |
Agregar Etiqueta
Sin Etiquetas, Sea el primero en etiquetar este registro!
|
MARC
| LEADER | 00000nam a2200000 a 4500 | ||
|---|---|---|---|
| 001 | UCG3595 | ||
| 003 | CL-VaPUC | ||
| 005 | 20220822170135.0 | ||
| 008 | 100909e20080500ag 1 spa d | ||
| 020 | |a 9789502910659 | ||
| 082 | 0 | 4 | |a 634 |b DIV |2 21 |
| 100 | 1 | |a Divo de Sesar, Marta |e author |9 621661 | |
| 700 | 1 | |a Rocca, Margarita |e author |9 621662 | |
| 700 | 1 | |a Vilella, Fernando |e author |9 621663 | |
| 245 | 1 | 0 | |a Avances en cultivos frutales no tradicionales: arándanos, cerezas, kiwis, frutillas, granadas |
| 250 | |a 1a. ed | ||
| 260 | |a Buenos Aires |b Facultad de Agronomía. Universidad de Buenos Aires |c 2008 | ||
| 300 | |a 410 p | ||
| 583 | |a last modification |c 20190908 07:30:32 |k Rodrigo Vera | ||
| 650 | 0 | 0 | |a Cultivos frutícolas |9 599572 |
| 650 | 0 | 0 | |a Fruticultura |9 259678 |
| 650 | 0 | 0 | |a Arándanos (Vaccinium corymbosum) |9 404951 |
| 650 | 0 | 0 | |a Cerezas |9 402953 |
| 650 | 0 | 7 | |a FRUTILLAS |2 CL-VaPUC |9 264227 |
| 650 | 0 | 7 | |a GRANADAS |2 CL-VaPUC |9 527565 |
| 942 | |c BK | ||
| 945 | |a dcastane |d 20100909 00:00:00 | ||
| 546 | |a En Español | ||
| 536 | |a Universidad de Buenos Aires | ||
| 518 | |p Congreso Latinoamericano de arándanos y berries, 2, Buenos Aires, 19-21 de mayo de 2008 | ||
| 999 | |c 384572 |d 384570 | ||
| 952 | |0 0 |1 0 |4 0 |6 634_000000000000000_DIV_2008 |7 0 |8 A |9 507366 |a BIBAGR |b BIBAGR |d 2020-01-23 |i 4718054 |o 634 DIV 2008 |p 4718054 |r 2025-01-20 |w 2020-01-23 |y BK |k AGR | ||